[Event "Swiss System, Round 4"]
[Site "SchemingMind.com"]
[Date "2013.03.24"]
[Round "4"]
[White "Aadsje"]
[Black "rookie31"]
[Result "1/2-1/2"]
[WhiteCountry "NED"]
[BlackCountry "IND"]
[WhiteElo "2262"]
[WhiteRD "64"]
[BlackElo "2170"]
[BlackRD "64"]
[GameID "329017"]

1. d4 d5 2. Nf3 Nf6 3. g3 c6 4. Bg2 e6 5. O-O Be7 6. c4 O-O 7. Nc3 Nbd7 8. b3 b6 9. Bb2 Ba6 10. Nd2 Rc8
11. e4 b5 12. exd5 exd5 13. Re1 bxc4 14. bxc4 dxc4 15. Qc2 Re8 16. Rab1 Nb6 17. Na4 Nxa4 18. Qxa4 Bb5 19. Qc2 c5 20. Ba1 cxd4
21. Rxb5 c3 22. Bf1 cxd2 23. Qxd2 Bc5 24. Rxe8+ Nxe8 25. Bh3=
1/2-1/2

[Event "Swiss System, Round 4"]
[Site "SchemingMind.com"]
[Date "2013.03.30"]
[Round "4"]
[White "Marco_M"]
[Black "NYNH"]
[Result "1-0"]
[WhiteCountry "ITA"]
[BlackCountry "USA"]
[WhiteElo "2177"]
[WhiteRD "101"]
[BlackElo "2013"]
[BlackRD "65"]
[GameID "329464"]

1. e4 c5 2. Nf3 d6 3. d4 cxd4 4. Qxd4 Nc6 5. Bb5 Bd7 6. Bxc6 Bxc6 7. Nc3 Nf6 8. Bg5 e6 9. O-O-O Be7 10. Rhe1 O-O
11. Kb1 Qc7 12. Qd2 Rfd8 13. Nd4 Rac8 14. f3 b5 15. Ndxb5 Bxb5 16. Nxb5 Qb6 17. Nd4 d5 18. e5 Bb4 19. Qe3 Bxe1 20. Rxe1 Nd7
21. Bxd8 Rxd8 22. Nb3 Qc7 23. f4 Rc8 24. Qd2 Nb6 25. Na5 g6 26. Re3 Na4 27. Nb3 Rb8 28. Rh3 Qc4 29. Qf2 a5 30. g4 Nxb2
31. Qh4 Kf8 32. Qxh7 Ke7 33. Qh4+ Kd7 34. Qf2 a4 35. Qa7+ Qc7 36. Qxc7+ Kxc7 37. Kxb2 axb3 38. Rxb3 Rh8 39. h3 Rd8 40. a4 Kc6
41. Rc3+ Kb6 42. h4 Ka5 43. Ka3 d4 44. Rh3 Rc8 45. Kb3 Rb8+ 46. Kc4 Rb4+ 47. Kc5 Kxa4 48. Rb3 Rxb3 49. cxb3+ Kxb3 50. Kxd4
1-0

[Event "Swiss System, Round 4"]
[Site "SchemingMind.com"]
[Date "2013.04.01"]
[Round "4"]
[White "Robert Pallett"]
[Black "Mel-o-rama"]
[Result "1-0"]
[WhiteCountry "ENG"]
[BlackCountry "USA"]
[WhiteElo "2248"]
[WhiteRD "125"]
[BlackElo "1978"]
[BlackRD "93"]
[GameID "329467"]

1. e4 e5 2. Nf3 Nc6 3. Bc4 Nf6 4. Ng5 d5 5. exd5 Na5 6. Bb5+ c6 7. dxc6 bxc6 8. Be2 h6 9. Nf3 e4 10. Ne5 Bd6
11. d4 exd3 12. Nxd3 O-O 13. O-O Qc7 14. g3 Bh3 15. Re1 Rad8 16. Bf3 c5 17. Nc3 a6 18. Ne4 Nxe4 19. Bxe4 Nc6 20. Qh5 Qd7
21. Bxc6
1-0

[Event "Swiss System, Round 4"]
[Site "SchemingMind.com"]
[Date "2013.04.04"]
[Round "4"]
[White "thefriediceman"]
[Black "littleboo"]
[Result "0-1"]
[WhiteCountry "USA"]
[BlackCountry "USA"]
[WhiteElo "1912"]
[WhiteRD "95"]
[BlackElo "2253"]
[BlackRD "72"]
[GameID "329468"]

1. e4 c6 2. Nc3 d5 3. Nf3 Bg4 4. h3 Bxf3 5. Qxf3 e6 6. d3 Nf6 7. Bd2 Qb6 8. g4 Qxb2 9. Rb1 Qa3 10. exd5 cxd5
11. Rb3 Qe7 12. g5 Ng8 13. d4 Qd7 14. Bb5 Nc6 15. Ne2 Nge7 16. O-O Nf5 17. Qg4 h5 18. gxh6 Nxh6 19. Qf3 Nf5 20. Rfb1 Nd6
21. Bd3 Be7 22. Bf4 b6 23. Rc3 Rc8 24. Ba6 Rc7 25. Be5 Bd8 26. Qg2 f6 27. Qg6+ Kf8 28. Bh2 e5 29. dxe5 fxe5 30. Rbb3 Ne4
31. Rf3+ Bf6 32. Ra3 Rh6 33. Qg2 Qd6 34. Bb5 Qb4
0-1

[Event "Swiss System, Round 4"]
[Site "SchemingMind.com"]
[Date "2013.04.01"]
[Round "4"]
[White "SwirlingEddie"]
[Black "ArtistDude"]
[Result "1-0"]
[WhiteCountry "USA"]
[BlackCountry "USA"]
[WhiteElo "2200"]
[WhiteRD "115"]
[BlackElo "1969"]
[BlackRD "97"]
[GameID "329469"]

1. d4 Nf6 2. c4 e6 3. Nf3 d5 4. g3 dxc4 5. Bg2 a6 6. O-O Nc6 7. e3 Bd7 8. Nc3 Bd6 9. Qe2 b5 10. e4 e5
11. dxe5 Nxe5 12. Nxe5 Bxe5 13. f4 Bxc3 14. bxc3 c6 15. Be3 O-O 16. Bc5 Bg4 17. Qc2 Re8 18. h3 Nxe4 19. Bxe4 f5 20. Bxc6 Re2
21. Qb1 Qc7 22. Bd5+ Kh8 23. Bd4 Rd8 24. Bg2 Bh5 25. Qxf5 Bg6 26. Qg5 Rxd4 27. cxd4 Qa5 28. f5 Bf7 29. f6 g6 30. Qh6 Rxg2+
31. Kxg2 Bd5+ 32. Kh2 Qc7 33. Qf8+ Bg8 34. f7
1-0

[Event "Swiss System, Round 4"]
[Site "SchemingMind.com"]
[Date "2013.03.31"]
[Round "4"]
[White "lawyertheologian"]
[Black "flammablepawn"]
[Result "1-0"]
[WhiteCountry "USA"]
[BlackCountry "USA"]
[WhiteElo "2065"]
[WhiteRD "83"]
[BlackElo "1878"]
[BlackRD "93"]
[GameID "329470"]

1. e4 e6 2. d4 d5 3. Nc3 Nf6 4. Bg5 dxe4 5. Nxe4 Be7 6. Bxf6 Bxf6 7. Nf3 O-O 8. Qd2 b6 9. O-O-O Bb7 10. Qf4 Nd7
11. Bd3 Be7 12. Kb1 Qb8 13. Ne5 Nf6 14. Nxf6+ Bxf6 15. Nd7
1-0

[Event "Swiss System, Round 4"]
[Site "SchemingMind.com"]
[Date "2013.04.03"]
[Round "4"]
[White "Coretismo"]
[Black "Phillip Beckett"]
[Result "1-0"]
[WhiteCountry "ENG"]
[BlackCountry "ENG"]
[WhiteElo "2057"]
[WhiteRD "79"]
[BlackElo "1546"]
[BlackRD "49"]
[GameID "329471"]

1. e4 e5 2. Nf3 Nc6 3. Bb5 a6 4. Ba4 Nf6 5. O-O Be7 6. Re1 b5 7. Bb3 O-O 8. c3 d5 9. exd5 Nxd5 10. Nxe5 Nxe5
11. Rxe5 Nf6 12. d4 Bd6 13. Re1 Ng4 14. h3 Qh4 15. Qf3 Nxf2 16. Bd2 Bb7 17. Qxf2 Bh2+ 18. Kf1 Bg3 19. Qe3 Bxe1 20. Bxe1 Qf6+
21. Qf2 Qxf2+ 22. Bxf2 Kh8 23. Nd2 f5 24. Nf3 Bxf3 25. gxf3 g5 26. d5 g4 27. Bd4+ Kg8 28. d6+ Rf7 29. dxc7 Rc8 30. Be5 Kf8
31. Bxf7 Kxf7 32. Rd1
1-0

[Event "Swiss System, Round 4"]
[Site "SchemingMind.com"]
[Date "2013.03.31"]
[Round "4"]
[White "e_castle3"]
[Black "Diadoco"]
[Result "0-1"]
[WhiteCountry "PHI"]
[BlackCountry "MEX"]
[WhiteElo "1706"]
[WhiteRD "59"]
[BlackElo "2094"]
[BlackRD "84"]
[GameID "329472"]

1. e4 c5 2. Nf3 d6 3. Bc4 Nf6 4. d3 Nc6 5. a3 g6 6. h3 Bg7 7. c3 d5 8. exd5 Nxd5 9. O-O O-O 10. Re1 b6
11. Bg5 Re8 12. b4 cxb4 13. axb4 Be6 14. Bb5 Qc7 15. Qa4 Rec8 16. d4 Bf5 17. Ra3 Bxb1 18. Rxb1 e6 19. Qd1 Nde7 20. Qd2 Rd8
21. Bxc6 Nxc6 22. Bxd8 Rxd8 23. Rba1 Rd7 24. Ne1 Qd6 25. f4 Qe7 26. Nf3 Kf8 27. Qe3 h5 28. Qe4 Qd6 29. Ne5 Bxe5 30. fxe5 Qd5
31. Qxd5 exd5 32. Rf1 Nd8 33. Ra2 Rc7 34. Rf3 Ne6 35. h4 Kg7 36. Kf1 Rd7 37. Ke2 Rb7
0-1

[Event "Swiss System, Round 4"]
[Site "SchemingMind.com"]
[Date "2013.04.02"]
[Round "4"]
[White "Haratta"]
[Black "gavrilo2"]
[Result "0-1"]
[WhiteCountry "SWE"]
[BlackCountry "IRL"]
[WhiteElo "1550"]
[WhiteRD "78"]
[BlackElo "1836"]
[BlackRD "80"]
[GameID "329473"]

1. d4 Nf6 2. c4 g6 3. e3 Bg7 4. Nf3 O-O 5. Nc3 d5 6. c5 Nc6 7. Be2 Re8 8. O-O a6 9. Bd2 e5 10. Rc1 e4
11. Ne1 Be6 12. a3 Qe7 13. f3 Rad8 14. f4 Bf5 15. g4 Bd7 16. f5 Qf8 17. g5 Nh5 18. Bxh5 Bxf5 19. Bg4 Bxg4 20. Qxg4 h5
21. gxh6 Bxh6 22. Ng2 Nxd4 23. exd4 Bxd2 24. Rc2 Qh6 25. Qe2 e3 26. Nd1 Qg7 27. Rf4 g5 28. Rg4 f5 29. Rg3 Qf6 30. Ndxe3 Bxe3+
31. Nxe3 f4
0-1

[Event "Swiss System, Round 4"]
[Site "SchemingMind.com"]
[Date "2013.06.13"]
[Round "4"]
[White "Mel-o-rama"]
[Black "Greg Magne"]
[Result "0-1"]
[WhiteCountry "USA"]
[BlackCountry "CAN"]
[WhiteElo "1932"]
[WhiteRD "97"]
[BlackElo "1990"]
[BlackRD "72"]
[GameID "332949"]

1. e4 c5 2. c3 Nf6 3. e5 Nd5 4. d4 cxd4 5. cxd4 Nc6 6. Nf3 e6 7. Nc3 Nxc3 8. bxc3 d5 9. exd6 Bxd6 10. Bd3 O-O
11. O-O e5 12. dxe5 Nxe5 13. Nxe5 Bxe5 14. Bxh7+ Kxh7 15. Qh5+ Kg8 16. Qxe5 Be6 17. Be3 b6 18. Rfd1 Qh4 19. Rd4 Qh7 20. a3 Rac8
21. Rad1 Rxc3 22. Qb8 Qc2 23. Qxa7 Qb2 24. Rb4 Qc2 25. Rbb1 Rxe3 26. fxe3 Bd5 27. Rxd5 Qxb1+
0-1

[Event "Swiss System, Round 5"]
[Site "SchemingMind.com"]
[Date "2013.06.19"]
[Round "5"]
[White "Andreas Flato"]
[Black "Lanaroon"]
[Result "1-0"]
[WhiteCountry "GER"]
[BlackCountry "ENG"]
[WhiteElo "1786"]
[WhiteRD "80"]
[BlackElo "1578"]
[BlackRD "84"]
[GameID "333428"]

1. e4 e5 2. Nc3 Nf6 3. a3 Bc5 4. Nf3 Nc6 5. Nxe5 Nxe5 6. d4 Bd6 7. dxe5 Bxe5 8. Bd3 d5 9. exd5 Nxd5 10. Nxd5 Qxd5
11. O-O Be6 12. Qe2 O-O-O 13. Re1 f6 14. f4 Bd4+ 15. Kh1 g6 16. Qxe6+ Qxe6 17. Rxe6 Rhe8 18. Rxe8 Rxe8 19. Bd2 Bxb2 20. Ra2 Bc1
21. Bc3 Bxf4 22. g3 Bd6 23. Bxf6 Be5 24. Bxe5 Rxe5 25. Kg2 Ra5 26. Kf3 b5 27. c3 c5 28. Ke4 b4 29. cxb4 cxb4 30. Bc4 Rxa3
31. Rxa3 bxa3 32. Kd5 Kd7 33. Ke5 Ke7 34. h4 h6 35. g4 Kf8 36. Kf6 g5 37. h5 a5 38. Kg6 a2 39. Bxa2 a4 40. Kxh6
1-0

[Event "Swiss System, Round 5"]
[Site "SchemingMind.com"]
[Date "2013.06.24"]
[Round "5"]
[White "spoke"]
[Black "Clem"]
[Result "1-0"]
[WhiteCountry "GER"]
[BlackCountry "USA"]
[WhiteElo "1753"]
[WhiteRD "70"]
[BlackElo "1506"]
[BlackRD "59"]
[GameID "333429"]

1. e4 e5 2. Nf3 Nc6 3. Bc4 h6 4. d4 d6 5. dxe5 dxe5 6. Qxd8+ Nxd8 7. Nxe5 Be6 8. O-O Bd6 9. Bxe6 Bxe5 10. Bb3 Ne6
11. c3 Rd8 12. Bxe6 fxe6 13. f4 Bd6 14. Be3 b6 15. e5 Be7 16. Nd2 Bc5 17. Bxc5 bxc5 18. Ne4 Ne7 19. Rad1 Rd5 20. Rxd5 exd5
21. Nxc5 Rf8 22. Ne6 Rf7 23. Nxc7+ Kd7 24. e6+
1-0

[Event "Swiss System, Round 5"]
[Site "SchemingMind.com"]
[Date "2013.06.19"]
[Round "5"]
[White "Clive Everill"]
[Black "jpetric"]
[Result "1-0"]
[WhiteCountry "CZE"]
[BlackCountry "USA"]
[WhiteElo "1712"]
[WhiteRD "56"]
[BlackElo "1513"]
[BlackRD "78"]
[GameID "333430"]

1. e4 e5 2. f4 Nf6 3. Nc3 Bb4 4. fxe5 Bxc3 5. dxc3 Nxe4 6. Qg4 d5 7. Qxg7 Rf8 8. Bh6 Nd7 9. Nf3 Nec5 10. Bg5 Ne6
11. Qxf8+ Nexf8 12. Bxd8 Kxd8 13. O-O-O c6 14. Ng5 Nxe5 15. Be2 Be6 16. Rhf1 Ke7 17. h3 h6 18. Nf3 Neg6 19. Nd4 Re8 20. Rde1 Kd6
21. Bg4 Ne5 22. Bxe6 fxe6 23. Rf6 Neg6 24. Nf5+ Kd7 25. Nxh6 Nh4 26. g3 Nhg6 27. Rf7+ Kd6 28. Rxb7 Ra8 29. b4 Ne5 30. c4 Nfg6
31. c5#
1-0

[Event "Swiss System, Round 5"]
[Site "SchemingMind.com"]
[Date "2013.06.20"]
[Round "5"]
[White "Carl Lenox"]
[Black "Erik Johnson"]
[Result "0-1"]
[WhiteCountry "CAN"]
[BlackCountry "USA"]
[WhiteElo "1245"]
[WhiteRD "74"]
[BlackElo "1672"]
[BlackRD "71"]
[GameID "333431"]

1. e4 d5 2. exd5 Qxd5 3. Nc3 Qa5 4. d4 c6 5. Nf3 Bg4 6. h3 Bh5 7. g4 Bg6 8. Ne5 f6 9. Nxg6 hxg6 10. Qd2 Nd7
11. b3 e5 12. Bb2 Bb4 13. O-O-O O-O-O 14. Kb1 Ne7 15. Bg2 Nd5 16. Bxd5 cxd5 17. Qd3 e4 18. Qe3 Rhe8 19. Rhe1 Re6 20. Re2 Kb8
21. Qg3+ Ka8 22. f3 Bxc3 23. Bc1 Rde8 24. a4 Rb6 25. Qc7 Rxb3+
0-1

[Event "Swiss System, Round 5"]
[Site "SchemingMind.com"]
[Date "2013.07.16"]
[Round "5"]
[White "NYNH"]
[Black "Roger Martindale"]
[Result "1-0"]
[WhiteCountry "USA"]
[BlackCountry "USA"]
[WhiteElo "1984"]
[WhiteRD "68"]
[BlackElo "1358"]
[BlackRD "98"]
[GameID "334847"]

1. d4 d5 2. Nf3 h6 3. c4 dxc4 4. e3 b5 5. a4 Bd7 6. Ne5 Nf6 7. axb5 Bxb5 8. b3 Qd5 9. bxc4 Bxc4 10. Bxc4 Qxg2
11. Bxf7+ Kd8 12. Qf3 Qxf3 13. Nxf3 Nbd7 14. Nc3 c6 15. e4 a6 16. Bf4 h5 17. O-O h4 18. Rfd1 h3 19. Rac1 Rc8 20. Ng5 Ng4
21. Ne6#
1-0

[Event "Swiss System, Round 5"]
[Site "SchemingMind.com"]
[Date "2013.08.06"]
[Round "5"]
[White "sibelius"]
[Black "rookie31"]
[Result "0-1"]
[WhiteCountry "USA"]
[BlackCountry "IND"]
[WhiteElo "2219"]
[WhiteRD "79"]
[BlackElo "2137"]
[BlackRD "64"]
[GameID "336343"]

1. d4 d5 2. Nc3 Nf6 3. Bg5 c6 4. e3 e6 5. h4 Nbd7 6. Nf3 Bb4 7. Qd3 h6 8. Bxf6 Nxf6 9. a3 Bxc3+ 10. Qxc3 Ne4
11. Qd3 O-O 12. Be2 Qb6 13. b3 c5 14. O-O Bd7 15. c4 Bc6 16. Ne5 cxd4 17. exd4 Qc7 18. Qc2 Qd8 19. g3 Rc8 20. Bd3 Nd6
21. c5 Bb5 22. Bxb5 Nxb5 23. Qd3 Nc7 24. Rfc1 Ne8 25. c6 Nf6 26. cxb7 Rxc1+ 27. Rxc1 Qb6 28. Rc6 Qxb7 29. Qc2 a5 30. f3 Rd8
31. Rc7 Qb6 32. Kf2 Qxd4+
0-1

[Event "Swiss System, Round 5"]
[Site "SchemingMind.com"]
[Date "2013.08.07"]
[Round "5"]
[White "Robert Pallett"]
[Black "littleboo"]
[Result "1-0"]
[WhiteCountry "ENG"]
[BlackCountry "USA"]
[WhiteElo "2306"]
[WhiteRD "127"]
[BlackElo "2173"]
[BlackRD "74"]
[GameID "336344"]

1. e4 c6 2. d4 d5 3. Nc3 dxe4 4. Nxe4 Nd7 5. Bd3 Ngf6 6. Ng5 e6 7. N1f3 h6 8. Nxe6 Qe7 9. O-O fxe6 10. Bg6+ Kd8
11. Bf4 b6 12. Re1 Bb7 13. c4 Kc8 14. Qc2 Ng4 15. Bf5 exf5 16. Rxe7 Bxe7 17. Qxf5 Nf6 18. Re1 Bd8 19. c5 bxc5 20. dxc5 Rg8
21. Bd6 g6 22. Qh3 g5 23. Ne5 Re8 24. Re3 g4 25. Qxh6 Nxe5 26. Rxe5 Rxe5 27. Bxe5 Nd7 28. Qe6 a5 29. Qxg4 a4 30. h4 Ra5
31. Bd6 a3 32. b4 Ra7 33. h5 Ba6 34. h6 Bd3 35. Qf3 Bh7 36. Qxc6+
1-0

[Event "Swiss System, Round 5"]
[Site "SchemingMind.com"]
[Date "2013.08.06"]
[Round "5"]
[White "Diadoco"]
[Black "SwirlingEddie"]
[Result "0-1"]
[WhiteCountry "MEX"]
[BlackCountry "USA"]
[WhiteElo "2057"]
[WhiteRD "89"]
[BlackElo "2228"]
[BlackRD "118"]
[GameID "336345"]

1. e4 Nf6 2. e5 Nd5 3. d4 d6 4. c4 Nb6 5. exd6 cxd6 6. Nc3 g6 7. Be3 Bg7 8. Rc1 O-O 9. b3 f5 10. g3 Nc6
11. Bg2 e5 12. dxe5 dxe5 13. Qxd8 Rxd8 14. Nd5 e4 15. Nxb6 axb6 16. Bxb6 Rd3 17. Ne2 Rxa2 18. h4 Rxb3 19. Be3 Ne5 20. Nd4 Rxe3+
21. fxe3 Nd3+
0-1

[Event "Swiss System, Round 5"]
[Site "SchemingMind.com"]
[Date "2013.08.06"]
[Round "5"]
[White "lawyertheologian"]
[Black "Will Grummitt"]
[Result "0-1"]
[WhiteCountry "USA"]
[BlackCountry "ENG"]
[WhiteElo "2042"]
[WhiteRD "92"]
[BlackElo "2159"]
[BlackRD "90"]
[GameID "336346"]

1. e4 e6 2. d4 d5 3. e5 c5 4. c3 Nc6 5. Nf3 Qb6 6. Be2 cxd4 7. cxd4 Bb4+ 8. Kf1 h5 9. a3 Be7 10. b4 Bd7
11. Nc3 Rc8 12. Na4 Qc7 13. Bd2 Nh6 14. Rc1 a6 15. Bg5 Bxg5 16. Nxg5 Nf5 17. Nf3 O-O 18. g3 b6 19. Bxa6 Ra8 20. Bb5 Qb7
21. Kg2 Nxe5 22. Nxe5 Bxb5 23. Nc3 Be8 24. a4 f6 25. Nf3 e5 26. Re1 e4 27. Nd2 Bf7 28. Nb5 Rfc8 29. Qb3 Qe7 30. Nf1 Rc4
31. Rxc4 dxc4 32. Qa3 h4 33. Ne3 Nxe3+ 34. Rxe3 f5 35. Nc3 Qd6 36. Nb5 Qd7 37. h3 hxg3 38. Rxg3 Bd5 39. Nc3 e3+ 40. f3 f4
41. Rg4 Be6 42. Rxf4 Bxh3+ 43. Kg3 Bf1 44. Re4 Qh3+ 45. Kf4 Qh6+ 46. Kg3 Rf8 47. Rh4 Qg5+ 48. Rg4 Qh5
0-1

[Event "Swiss System, Round 5"]
[Site "SchemingMind.com"]
[Date "2013.08.09"]
[Round "5"]
[White "Marco_M"]
[Black "Coretismo"]
[Result "1-0"]
[WhiteCountry "ITA"]
[BlackCountry "ENG"]
[WhiteElo "2182"]
[WhiteRD "117"]
[BlackElo "1965"]
[BlackRD "86"]
[GameID "336347"]

1. e4 e5 2. Nf3 Nc6 3. Bb5 a6 4. Ba4 Nf6 5. O-O Be7 6. Re1 b5 7. Bb3 O-O 8. a4 Bb7 9. d3 d6 10. c3 Na5
11. Bc2 c5 12. Nbd2 Qc7 13. Nf1 c4 14. Ng3 cxd3 15. Bxd3 Nc4 16. Nf5 Rfc8 17. Qe2 Bf8 18. Bg5 Ne8 19. Ne3 f6 20. Bh4 Qf7
21. axb5 axb5 22. Rxa8 Bxa8 23. Ra1 Nxe3 24. Qxe3 d5 25. Bxb5 Nd6 26. Ba6 Rb8 27. exd5 Qxd5 28. b4 Nf5 29. Qe2 Kh8 30. Bg3 Rd8
31. Ne1 Nxg3 32. hxg3 Qd2 33. Qxd2 Rxd2 34. Bd3 Bd5 35. c4 e4 36. cxd5 exd3 37. d6
1-0

[Event "Swiss System, Round 5"]
[Site "SchemingMind.com"]
[Date "2013.08.06"]
[Round "5"]
[White "Till Plewe"]
[Black "John Galvin"]
[Result "1-0"]
[WhiteCountry "JPN"]
[BlackCountry "USA"]
[WhiteElo "2395"]
[WhiteRD "71"]
[BlackElo "2303"]
[BlackRD "70"]
[GameID "336348"]

1. d4 Nf6 2. c4 g6 3. Nc3 Bg7 4. e4 O-O 5. Be3 d6 6. f3 a6 7. Nge2 Nc6 8. Qd2 Rb8 9. Rc1 e6 10. Nd1 d5
11. cxd5 exd5 12. e5 Nd7 13. Nf2 Nb6 14. b3 f6 15. f4 Rf7 16. g3 Bf8 17. Bg2 Bb4 18. Nc3 Bf5 19. O-O Qd7 20. Nd3 Ba3
21. Rcd1 Rd8 22. Nb1 Bxd3 23. Qxd3 Bf8 24. Nd2 Re8 25. Nf3 Qe6 26. Bd2 Ba3 27. Nh4 f5 28. g4 Qe7 29. Nxf5 gxf5 30. gxf5 Qh4
31. f6 Kh8 32. Kh1 Bb2 33. Be3 Rg8 34. Rf3
1-0

[Event "Swiss System, Round 5"]
[Site "SchemingMind.com"]
[Date "2013.08.10"]
[Round "5"]
[White "AussieMossie"]
[Black "Uzi Mike"]
[Result "1-0"]
[WhiteCountry "AUS"]
[BlackCountry "USA"]
[WhiteElo "2436"]
[WhiteRD "107"]
[BlackElo "2385"]
[BlackRD "89"]
[GameID "336349"]

1. d4 Nf6 2. c4 c5 3. d5 d6 4. Nc3 e6 5. e4 Be7 6. Nf3 Qb6 7. Bd3 e5 8. h3 O-O 9. O-O Bd7 10. a3 Na6
11. Rb1 Qd8 12. Be3 Rb8 13. Ne1 Ne8 14. Qd2
1-0

[Event "Swiss System, Round 5"]
[Site "SchemingMind.com"]
[Date "2013.08.06"]
[Round "5"]
[White "lennart"]
[Black "Archon"]
[Result "0-1"]
[WhiteCountry "SWE"]
[BlackCountry "CAN"]
[WhiteElo "1437"]
[WhiteRD "61"]
[BlackElo "1664"]
[BlackRD "65"]
[GameID "336350"]

1. e4 d6 2. Nf3 Nf6 3. h3 g6 4. d3 Bg7 5. b3 c5 6. Nc3 Nc6 7. Be3 Qa5 8. Bd2 Qc7 9. Be2 O-O 10. a3 a6
11. O-O b5 12. Bf4 Nd7 13. Nd5 Qd8 14. Rc1 Nde5 15. Nxe5 Nxe5 16. c4 bxc4 17. bxc4 Bb7 18. d4 cxd4 19. Bxe5 dxe5 20. Qb3 Rb8
21. Qa2 e6 22. Nb4 a5 23. Nd3 Bxe4 24. Rfd1 Ba8 25. c5 Rc8 26. Qd2 e4 27. Nf4 d3 28. Bg4 Qe7 29. Qxa5 Rfd8 30. Rd2 Bf8
31. a4 Re8 32. Nxd3 exd3 33. Rxd3 Rxc5 34. Rxc5 Qxc5 35. Qe1 Qb4 36. a5 Qxe1+
0-1

[Event "Swiss System, Round 5"]
[Site "SchemingMind.com"]
[Date "2013.08.11"]
[Round "5"]
[White "Greg Magne"]
[Black "ArtistDude"]
[Result "1-0"]
[WhiteCountry "CAN"]
[BlackCountry "USA"]
[WhiteElo "2007"]
[WhiteRD "80"]
[BlackElo "1911"]
[BlackRD "100"]
[GameID "336351"]

1. e4 d6 2. d4 Nf6 3. Bd3 g6 4. c4 Bg7 5. Ne2 O-O 6. Nbc3 Nbd7 7. O-O e5 8. d5 Nc5 9. Bc2 a5 10. a3 Bd7
11. Bg5 a4 12. Be3 b6 13. Bxc5 bxc5 14. Nxa4 Nxe4 15. Nac3 Nf6 16. Rb1 h5 17. Qc1 Re8 18. b4 cxb4 19. axb4 h4 20. c5 h3
21. c6 hxg2 22. Kxg2 Bg4 23. f3 Bh5 24. Ng3 Kh7 25. Nce4 Kg8 26. Nxf6+ Qxf6 27. Nxh5 gxh5 28. Qe3 Ra2 29. Qe4 Qg5+ 30. Kh1 Kf8
31. Rg1 Qf4 32. Qh7 Qxf3+ 33. Rg2 e4 34. Qxg7+ Ke7 35. Bd1 Qxg2+ 36. Qxg2 Rxg2 37. Kxg2 Rg8+ 38. Kf2 f5 39. b5 Kf6 40. b6 cxb6
41. Rxb6 Ke5 42. Bb3 f4 43. c7 Rc8 44. Rc6 h4 45. Bc4 Kd4 46. Ba6 Kxd5 47. Bb7
1-0

[Event "Swiss System, Round 5"]
[Site "SchemingMind.com"]
[Date "2013.08.09"]
[Round "5"]
[White "flammablepawn"]
[Black "Daryl Fouard"]
[Result "1-0"]
[WhiteCountry "USA"]
[BlackCountry "USA"]
[WhiteElo "1871"]
[WhiteRD "103"]
[BlackElo "1675"]
[BlackRD "68"]
[GameID "336352"]

1. b4 c6 2. Bb2 a5 3. a3 axb4 4. axb4 Rxa1 5. Bxa1 Qb6 6. c3 d5 7. e3 Bf5 8. Bb2 Nd7 9. Nf3 e5 10. Be2 Ngf6
11. O-O c5 12. b5 c4 13. Qa4 Nc5 14. Qa8+ Kd7 15. Nxe5+ Ke6 16. Qc8+ Kxe5 17. f4+ Kd6 18. Qxf5 Qxb5 19. Ba3 Be7 20. g4 g6
21. Qe5+ Kd7 22. Bxc5 Qxc5 23. g5 Ra8 24. gxf6 Bd6 25. Bg4+ Kc7 26. Qd4 Qb5 27. Bf3 Kc6 28. Kg2 Ra1 29. e4 Rxb1 30. Rxb1 Qxb1
31. Qxd5+ Kc7 32. e5
1-0

[Event "Swiss System, Round 5"]
[Site "SchemingMind.com"]
[Date "2013.08.09"]
[Round "5"]
[White "gavrilo2"]
[Black "Odinson"]
[Result "1-0"]
[WhiteCountry "IRL"]
[BlackCountry "USA"]
[WhiteElo "1798"]
[WhiteRD "75"]
[BlackElo "1633"]
[BlackRD "93"]
[GameID "336353"]

1. e4 d5 2. exd5 Qxd5 3. Nc3 Qa5 4. d4 Nf6 5. Nf3 Bf5 6. Bc4 e6 7. Bd2 c6 8. Nd5 Qd8 9. Nxf6+ Qxf6 10. Qe2 Bxc2
11. O-O Bd6 12. Bc3 Bg6 13. d5 b5 14. Bxf6 gxf6 15. Bb3 O-O 16. dxe6 Re8 17. Nd4 Bc5 18. exf7+ Bxf7 19. Bxf7+ Kxf7 20. Qh5+ Ke7
21. Rfe1+
1-0

[Event "Swiss System, Round 5"]
[Site "SchemingMind.com"]
[Date "2013.08.11"]
[Round "5"]
[White "Phillip Beckett"]
[Black "pengle"]
[Result "0-1"]
[WhiteCountry "ENG"]
[BlackCountry "USA"]
[WhiteElo "1576"]
[WhiteRD "55"]
[BlackElo "1731"]
[BlackRD "80"]
[GameID "336354"]

1. d4 d5 2. e3 Nf6 3. Bd3 c5 4. c3 e6 5. f4 Bd6 6. Nf3 Nbd7 7. O-O b6 8. Ne5 O-O 9. Nd2 Bb7 10. Ndf3 Ne4
11. Nxd7 Qxd7 12. Ne5 Qc7 13. Bd2 f6 14. Ng4 Rf7 15. Bxe4 dxe4 16. g3 cxd4 17. exd4 Qc6 18. Be3 Rd8 19. Qb3 Bc7 20. Nf2 f5
21. a4 Ba6 22. Rfe1 Bc4 23. Qb4 Bd6
0-1

[Event "Swiss System, Round 5"]
[Site "SchemingMind.com"]
[Date "2013.08.07"]
[Round "5"]
[White "Ronald R. Nurmi"]
[Black "jbgood"]
[Result "0-1"]
[WhiteCountry "USA"]
[BlackCountry "CAN"]
[WhiteElo "1785"]
[WhiteRD "80"]
[BlackElo "1757"]
[BlackRD "80"]
[GameID "336355"]

1. d4 b6 2. Bf4 e6 3. e4 Nf6 4. Nd2 Bb7 5. Bd3 Nc6 6. Ngf3 Nb4 7. O-O Nh5 8. Bg5 f6 9. Be3 Bd6 10. Bb5 a6
11. Ba4 Nf4 12. a3 Nc6 13. Nc4 e5 14. Nxd6+ cxd6 15. d5 Ne7 16. c4 f5 17. exf5 Nxf5 18. Bxf4 exf4 19. Re1+ Ne7 20. Qd4 O-O
21. Bc2 b5 22. b3 Rc8 23. Ng5 Bxd5 24. Bxh7+ Kh8 25. cxd5 Ng8 26. h4 Nf6 27. Bg6 Rc5 28. Nf7+ Rxf7 29. Bxf7 f3 30. g3 Qf8
31. Bg6 Qc8 32. Be4 Rc3 33. Re3 Rc1+ 34. Rxc1 Qxc1+ 35. Kh2 Ng4+
0-1

[Event "Swiss System, Round 5"]
[Site "SchemingMind.com"]
[Date "2013.08.06"]
[Round "5"]
[White "ampp"]
[Black "James Reed"]
[Result "0-1"]
[WhiteCountry "POR"]
[BlackCountry "ENG"]
[WhiteElo "1356"]
[WhiteRD "70"]
[BlackElo "1403"]
[BlackRD "63"]
[GameID "336356"]

1. e4 c5 2. Nf3 d6 3. d4 cxd4 4. Nxd4 Nf6 5. Nc3 a6 6. Be3 e5 7. Nb3 Be7 8. Nd5 Nc6 9. Bb6 Qd7 10. Nxe7 Qxe7
11. Bd3 O-O 12. O-O h6 13. Be3 Rd8 14. h3 Qc7 15. f4 Be6 16. fxe5 dxe5 17. Nc5 Qb6 18. Re1 Nd7 19. b3 Nxc5 20. Bxc5 Qxc5+
21. Kh1 Nb4 22. Re2 b5 23. a3 Nxd3 24. cxd3 Qc3 25. b4 Rxd3 26. Qe1 Qxe1+ 27. Rexe1 a5 28. bxa5 Rxa5 29. Kh2 Rdxa3 30. Rab1 Bd7
31. g4 Bc6
0-1

[Event "Swiss System, Round 5"]
[Site "SchemingMind.com"]
[Date "2013.08.22"]
[Round "5"]
[White "Jari Laine"]
[Black "eraymond"]
[Result "1/2-1/2"]
[WhiteCountry "FIN"]
[BlackCountry "CAN"]
[WhiteElo "2445"]
[WhiteRD "71"]
[BlackElo "2433"]
[BlackRD "107"]
[GameID "337022"]

1. e4 e5 2. Nf3 Nc6 3. Bc4 Nf6 4. d3 Be7 5. O-O O-O 6. Bb3 d6 7. c3 Na5 8. Bc2 c5 9. Nbd2 b5 10. Re1 Be6
11. d4 Qc7 12. d5 Bd7 13. b3 c4 14. Ba3 Rfe8 15. Bb2 Reb8 16. h3 Rc8 17. b4 Nb7 18. a4 a5 19. Ba3 Nh5 20. g3 Nf6
21. axb5 Bxh3 22. bxa5 Rxa5 23. Qe2 Nd7 24. Bb4 Rxa1 25. Rxa1 Nb6 26. Nb1 Bg4 27. Qe3 Nc5 28. Na3 h6 29. Nd2 Ra8 30. Ra2 Nb7
31. Bb1 Re8 32. Nf3 Bh5 33. Nc2 Bd8 34. Ra6 Qd7=
1/2-1/2